000 00572nam a2200193 a 4500
001 1771665851357
003 YourLibrary
005 20260221145719.0
008 260221s2007##################000#0#eng##
020 _a9789041125941
082 0 4 _a338.47621
_bLUS
100 1 _aZhang, Lusong,
_eauthor.
245 1 0 _aRegulation of Foreign Mergers and Acquisitions Involving Listed Companies in the People's Republic of China :
260 _c2007.
300 _a294 pages
650 0 _aBusiness & Economics.
942 _cENGLISH
040 _aYourLibrary
_beng
_cYourLibrary
999 _c615196
_d615196